Представление документа в формате RUSMARC

ПолеНазваниеЗначение
  Тип записи a
  Библиографический уровень m
001 Контрольный номер RU/SLIB/B/208744128
005 Дата корректировки 20230112152154.7
010 Индекс ISBN __
d Цена 32-00; 2-30
101 Язык документа 0_
a Язык текста rus
c Язык оригинала rus
200 Заглавие и сведения об ответственности 1_
a Заглавие Собрание сочинений
e Сведения, относящиеся к заглавию в 22 т.
f Первые сведения об ответственности Л. Н. Толстой ; коммент. Г. В. Краснова ; оформ. худож. Е. Ганнушкина, М. Шлосберга
b Общее обозначение материала Текст
h Номер части Т. 6
i Наименование части Война и мир
210 Выходные данные 1_
a Место издания М.
c Издательство Худож. лит.
d Дата издания 1980
215 Физическое описание __
a Объем 447 с.
330 Аннотация __
a Аннотация В книгу входит третий том романа "Война и мир".
606 Тематические рубрики __
a Основная рубрика Художественная литература
606 Тематические рубрики __
a Основная рубрика Русская литература XIX в. (произведения)
610 Ключевые слова 0_
a Ключевые слова проза; романы
686 Индексы других классификаций __
a Классификационный индекс 84(2=411.2)52-4
700 Автор _1
a Фамилия Толстой
b Имя Л. Н.
g Полное личное имя Лев Николаевич
4 Код отношения 070
702 Вторичная интеллектуальная ответственность _1
a Фамилия Краснов
b Имя Г. В.
4 Код отношения Комментатор печатного текста
4 Код отношения 212
702 Вторичная интеллектуальная ответственность _1
a Фамилия Ганнушкин
b Имя Е.
4 Код отношения Художник
4 Код отношения 040
702 Вторичная интеллектуальная ответственность _1
a Фамилия Шлосберг
b Имя М.
4 Код отношения Художник
4 Код отношения 040
801 Источник записи _0
a Страна RU
b Организация Муниципальное бюджетное учреждение культуры "Централизованная библиотечная система" г. Сургут (Центральная городская библиотека им. А. С. Пушкина)
g Правила каталогизации КиК/Нещерет
801 Источник записи _1
a Страна RU
b Организация Муниципальное бюджетное учреждение культуры "Централизованная библиотечная система" г. Сургут (Центральная городская библиотека им. А. С. Пушкина)
g Правила каталогизации КиК/Нещерет
852 Данные о местонахождении __
j Шифр хранения 84(2=411.2)52-4
c Каталожный индекс 84(2Рос=Рус)1-4
i Авторский знак Т 53
p Инвентарный номер 3279
901 Тип документа __
t Тип документа m
903 Характеристики (МАРС) __
a Дата передачи 20030829
990 Данные о заказе (DOS) __
j Количество экземпляров (DOS) 1; 3
t N записи в КСУ для И/У (DOS) 200307